000 02160cam a2200445 a 4500
001 15298368
003 OSt
005 20170602112515.0
008 080520s2008 ctua b 001 0 eng
010 _a 2008021120
015 _aGBA883454
_2bnb
016 7 _a014657144
_2Uk
020 _a9781591586203 (alk. paper)
020 _a1591586208 (alk. paper)
035 _a(OCoLC)230729402
_z(OCoLC)228063678
035 _a(OCoLC)ocn230729402
040 _aDLC
_cDLC
_dBAKER
_dBTCTA
_dUKM
_dYDXCP
_dOCLCG
_dC#P
_dBWX
_dCDX
_dDLC
050 0 0 _aZA3060
_b.L58 2008
082 0 0 _a020
_222
100 1 _aLiu, Ziming,
_d1965-
245 1 0 _aPaper to digital :
_bdocuments in the information age /
_cZiming Liu.
260 _aWestport, Conn. :
_bLibraries Unlimited,
_c2008.
300 _axii, 157 p. :
_bill. ;
_c25 cm.
504 _aIncludes bibliographical references and index.
505 0 _aThe evolution of documents and its impacts -- Trends in transforming scholarly communications -- Trust in the preservation of digital information -- Reading behavior in the digital environment -- Gender differences in the online reading environment -- Perceptions of the credibility of scholarly information on the Web -- Cultural differences in credibility assessment -- Print vs. electronic resources : user perceptions, preferences, and use -- The future of paper in the digital age.
650 0 _aInformation resources
_vUse studies.
650 0 _aElectronic information resources
_vUse studies.
650 0 _aInformation resources
_xEvaluation.
650 0 _aElectronic information resources
_xEvaluation.
650 0 _aDocumentation.
650 0 _aCommunication in learning and scholarship.
650 0 _aElectronic publishing.
650 0 _aDigital preservation.
650 0 _aInformation behavior.
650 0 _aLibraries and the Internet.
856 4 1 _3Table of contents only
_uhttp://www.loc.gov/catdir/toc/ecip0819/2008021120.html
906 _a7
_bcbc
_corignew
_d1
_eecip
_f20
_gy-gencatlg
942 _2lcc
_cBK
999 _c256482
_d256481